000 00648nam a2200253Ia 4500
003 OSt
005 20221006145501.0
006 a|||||r|||| 00| 0
007 ta
008 221006b |||||||| |||| 00| 0 eng d
020 _c
_1.00
024 _a14,965
037 _cTextual
040 _aEASL
_cEASL
_beng
041 _2eng
_aeng
082 _aP41,9, H6
100 _aSHIH Hu
245 0 _aMy mother's betrothal
260 _aNew Havan
_b Yale University Press
_c1946
300 _a46p.
_ccm.
700 _a ROUSE Mary Ed.
_9654576
942 _hP41,9, H6
_cTEXL
_2CC
999 _c1083051
_d1083051